[Event "Quezon City U1800 op"]
[Site "Quezon City"]
[Date "2025.05.04"]
[Round "7"]
[White "Instrella, Runhigh Yohan"]
[Black "Ellis, Arnel"]
[Result "0-1"]
[WhiteElo "1554"]
[BlackElo "1755"]
[PlyCount "72"]
[EventDate "2025.05.03"]
[EventType "swiss"]
[EventRounds "7"]
[EventCountry "PHI"]
[SourceTitle "CB19_2025"]
[SourceDate "2025.05.07"]
[SourceVersion "1"]
[SourceVersionDate "2025.05.07"]
[SourceQuality "1"]

1. Nf3 b6 2. g3 Bb7 3. Bg2 c5 4. d3 Nf6 5. 0-0 e6 6. e4 d5 7. e5 Nfd7 8. Re1 Be7 9. h4 Nc6 10. Bf4 h6 11. h5 Qc7 12. Nbd2 0-0-0 13. Nf1 g5 14. hxg6 fxg6 15. d4 g5 16. Bc1 g4 17. N3d2 Nxd4 18. c3 Nf5 19. Ne3 Nxe3 20. Rxe3 Nxe5 21. Qe1 Bd6 22. b3 h5 23. c4 d4 24. Bxb7+ Kxb7 25. Re4 h4 26. Ba3 hxg3 27. fxg3 Rh3 28. Rxe5 Bxe5 29. Nf1 Qc6 30. Qe2 Rh1+ 31. Kf2 Rf8+ 32. Ke1 Rhxf1+ 33. Qxf1 Rxf1+ 34. Kxf1 Qf3+ 35. Ke1 d3 36. Kd2 Qe2+ 0-1